00496 2200205 4500001002100000005001500021035002000036008004100056245004000097100001900137250000600156260003800162300001200200084001400212082000800226650001000234520002200244990001200266990001200278INLIS00000000000096220240530103723 a0010-0524000197240530 1 ind 1 aBuruan Ramal Gue ! /cDitta Arieska aArieska, Ditta a1 aYogyakarta :bSheila/ Andi,c2009 a170 hlm a813 DIT b a813 4aFiksi aBuruan Ramal Gue! a0741678 a0741679